Countries by a Single Word #3 - Statistics

General Stats
  • This quiz has been taken 253 times
  • The average score is 11 of 20
Answer Stats
Clue Country % Correct
Greenland Denmark
98%
Marseillaise France
93%
Apartheid South Africa
90%
Taliban Afghanistan
88%
Pyrenees Andorra
75%
Paramaribo Suriname
68%
Hutu Rwanda
64%
Mugabe Zimbabwe
54%
Formosa Taiwan
51%
Kalsarikännit Finland
48%
FARC Colombia
43%
Pattaya Thailand
43%
Srebrenica Bosnia and Herzegovina
41%
Yoruba Nigeria
39%
Larnaca Cyprus
38%
Donbass Ukraine
36%
Socotra Yemen
35%
Changi Singapore
29%
Tennō Japan
18%
Chelbacheb Palau
5%
No matching quizzes found
Score Distribution
Percent of People with Each Score
Percentile by Number Answered
Your Score History
You have not taken this quiz